[Event "Budapest Spring Festival 2018"]
[Site "Budapest"]
[Date "2018.04.19"]
[Round "2"]
[White "Grinberg, Eyal"]
[Black "Rudolf, Michal"]
[Result "1-0"]
[WhiteElo "2452"]
[BlackElo "2349"]
[Annotator "TA"]
[PlyCount "114"]
[EventDate "2018.??.??"]
[EventType "swiss"]
[EventCountry "HUN"]
[SourceTitle "playchess.com"]
[Source "ChessBase"]
[SourceQuality "1"]

{[%evp 23,114,10,11,-13,0,3,17,6,8,0,8,5,22,8,1,10,13,-33,-33,-321,0,-8,0,-7,0,-4,0,0,0,-6,0,-1,0,0,0,0,0,0,46,37,129,145,158,104,209,197,318,317,304,337,336,336,321,328,325,311,304,279,405,408,414,414,690,677,397,672,542,635,315,581,586,564,518,485,453,450,765,753,710,752,657,597,479,451,666,685,1675,1609,1766,1478,1402,1348,1319]} 1. e4 e6 2. d4 d5 3. Nd2 c5 4. exd5 Qxd5 5. Ngf3 cxd4 6. Bc4 Qd8 7. O-O Nc6 8. Nb3 a6 {C07: French Tarrasch: 3...c5, 4 Ngf3 and 4 exd5 Qxd5} 9. Nbxd4 Nxd4 10. Nxd4 Qc7 11. Qe2 (11. Bd3 Nf6 12. Re1 Bd6 13. h3 O-O 14. Bg5 Be5 15. c3 h6 16. Nf3 Bxc3 {1-0 (51) Mamedov,R (2709)-Le,Q (2737) Huaian 2017}) 11... Bd6 12. h3 Ne7 {LiveBook: 15 Games} 13. Bg5 h6 14. Bd2 Bd7 $146 15. Rfe1 O-O 16. Bd3 Rfd8 17. Rad1 Bc5 18. Nf3 Nf5 19. Ne5 Bb5 20. Bxb5 axb5 21. Qxb5 $2 {[%mdl 8192]} (21. Bf4 $15) 21... Rxa2 $2 (21... Rd5 $19 22. Qe2 Nd4) 22. Bc3 Raa8 23. Nd7 Be7 24. Rd3 Nd6 25. Qe5 {[%csl Gc3][%cal Re5g7]} Ne8 26. Red1 Qxe5 27. Bxe5 f6 28. Bf4 Rac8 29. R1d2 Kf7 30. Be3 Bd6 31. Nc5 $36 {[%mdl 2048] White has the initiative.} ({Wrong is} 31. Rxd6 $2 Nxd6 32. Rxd6 Ke7 $19) 31... Rc7 (31... Rb8 $14) 32. Ne4 $16 {[%cal Re4d6]} Rc6 33. Rb3 (33. Bc5 $142 $1) 33... f5 (33... Rb8 $16) 34. Rxb7+ $18 Kg6 {[#]} (34... Kf8 $142) 35. Rb6 $1 {[%cal Rb6c6]} Rxb6 36. Bxb6 Rd7 37. Nxd6 Rxd6 38. Rxd6 Nxd6 {[%mdl 4096] Endgame KB-KN} 39. Bd4 Kf7 40. b3 {[%cal Bb2b3,Bb3b4,Bb4b5,Bb5b6][%mdl 32]} g5 (40... Nb5 {is a better defense.}) 41. g4 Kg6 42. Be5 Nf7 (42... Nc8 $142 43. c4 Kf7) 43. Bc7 Kf6 44. b4 Ke7 45. b5 Kd7 {[#]} 46. b6 $1 Kc6 {White is clearly winning.} 47. Kg2 Nh8 48. Kf3 Ng6 49. Ke3 Nh4 (49... Nf8 $142 50. f4 fxg4) 50. c4 {[%cal Bc2c4,Bc4c5][%mdl 32]} Ng2+ 51. Ke2 Nh4 {[#]} 52. c5 $1 {[%mdl 512]} Ng6 (52... Kxc5 53. b7) 53. Bd6 Nh4 (53... Nh8 $142 54. Ke3 Ng6) 54. Ke3 Ng2+ 55. Kd4 Ne1 56. Ke5 Nd3+ 57. Kxe6 f4 {Precision: White = 72%, Black = 36%.} 1-0

[Event "Budapest Spring Festival 2018"]
[Site "Budapest"]
[Date "2018.04.19"]
[Round "2"]
[White "Astaneh Lopez, Alex"]
[Black "Zentai, Peter"]
[Result "0-1"]
[WhiteElo "2442"]
[BlackElo "2304"]
[Annotator "TA"]
[PlyCount "98"]
[EventDate "2018.??.??"]
[EventType "swiss"]
[EventCountry "HUN"]
[SourceTitle "playchess.com"]
[Source "ChessBase"]
[SourceQuality "1"]

{[%evp 18,98,21,7,22,0,0,-27,-22,-38,-36,-26,-28,-17,-12,-23,18,27,0,-8,-10,-11,0,0,21,-127,-132,-124,-143,-143,-86,-93,-91,-194,-194,-272,-195,-255,-235,-245,-160,-156,-161,-162,-158,-183,-195,-184,-168,-185,-174,-170,-177,-173,-167,-175,-172,-167,-167,-157,-131,-134,-145,-150,-132,-131,-127,-121,-126,-160,-158,-168,-150,-156,-156,-253,-247,-489,-485,-463,-445,-465,-469]} 1. Nf3 d5 2. d4 Nf6 3. c4 c6 4. e3 e6 5. b3 Nbd7 (5... c5 6. Bb2 cxd4 7. exd4 dxc4 8. bxc4 Qa5+ 9. Nbd2 Ba3 10. Qc1 Bxb2 11. Qxb2 Nc6 12. Be2 Qb4 13. O-O-O {½-½ (57) Short,N (2698)-Duda,J (2706) Heraklio 2017}) 6. Bb2 {D30: Queen's Gambit Declined: Systems without Nc3} b6 7. Bd3 Bb7 8. O-O Bd6 9. Ne5 O-O 10. f4 {LiveBook: 3 Games} c5 11. Nd2 cxd4 12. Bxd4 Bc5 $146 ({Predecessor:} 12... Nc5 13. Bc2 Rc8 14. Rc1 Qe7 15. cxd5 Bxd5 {½-½ (53) Saduakassova,D (2375)-Zawadzka,J (2398) Tromsoe 2014}) 13. Kh1 dxc4 14. Ndxc4 Bxd4 ({But not} 14... Nxe5 $6 15. fxe5 Ne4 16. Rf4 $14) 15. exd4 Qe7 16. Qe1 Nd5 17. f5 ({Much weaker is} 17. Qe4 N7f6 $15) 17... exf5 18. Nxd7 Qxd7 19. Bxf5 Qc6 20. Qh4 {[%csl Gf5][%cal Rh4h7]} Nf6 {[%csl Gb7][%cal Rc6g2]} 21. d5 (21. Ne3 $11 h6 22. Rac1) 21... Qxd5 $17 {[%csl Gb7][%cal Rd5g2]} 22. Ne3 {[#]} Qd2 $1 {[%cal Rd2e3]} 23. Qg3 Rfe8 (23... Rad8 $142 24. Nc4 Qd5) 24. Nc4 Qh6 $40 {[%mdl 128] Black attacks with force.} 25. Qc7 (25. Nd6 $17 Re3 26. Qf2) 25... Bd5 $19 {aiming for ...Re2.} 26. Rf2 (26. Qf4 {was necessary.}) 26... Qh4 27. Kg1 (27. Qf4 $142 Qxf4 28. Rxf4) 27... Qd4 28. Raf1 Bxc4 29. Qxc4 Qxc4 30. bxc4 Rad8 31. g4 h6 32. h4 Rd4 33. Rf4 Rxf4 34. Rxf4 {[%mdl 4096] Endgame KRB-KRN} Re5 35. Kf2 Kf8 36. g5 hxg5 37. hxg5 Nh5 38. Rf3 Ke7 39. g6 fxg6 40. Bxg6 Nf6 {And now ...Ng4+ would win.} 41. Ra3 a5 42. Rb3 Nd7 43. Rg3 Kd6 44. Bc2 g5 45. Rd3+ Kc7 46. Kg3 (46. Rh3 $17) 46... Re2 47. Bb3 $2 {[#]} (47. Bb1 {is a better defense.}) 47... Nc5 {Black is clearly winning.} 48. Rf3 a4 49. Bd1 Ne4+ {Precision: White = 39%, Black = 66%.} 0-1

[Event "Budapest Spring Festival 2018"]
[Site "Budapest"]
[Date "2018.04.19"]
[Round "2"]
[White "Hauge, Lars Oskar"]
[Black "Csati, Oliver"]
[Result "1-0"]
[WhiteElo "2441"]
[BlackElo "2200"]
[Annotator "TA"]
[PlyCount "109"]
[EventDate "2018.??.??"]
[EventType "swiss"]
[EventCountry "HUN"]
[SourceTitle "playchess.com"]
[Source "ChessBase"]
[SourceQuality "1"]

{[%evp 10,108,7,-35,-19,-52,-26,-36,-5,-56,-48,-60,-60,-46,-61,-63,-64,-72,-53,-108,-105,-134,-122,-142,-115,-99,-69,-69,-69,-70,-74,-79,-71,-66,-65,-72,-48,-72,-63,-65,-63,-63,-63,-115,-56,-62,-39,-72,-71,-87,-79,-141,-142,-145,-67,-145,0,-138,0,-134,0,-107,-46,-72,0,-14,4,0,0,0,0,-19,-24,-38,-29,-45,-37,-72,0,0,42,-8,-7,-68,-33,-217,0,8,16,58,147,140,942,922,1955,-587,29996,29997,29997,29998,29999]} 1. e4 c5 2. Nf3 e6 3. b3 b6 4. Bb2 Bb7 5. Bd3 Nf6 (5... Nc6 6. a3 Nf6 7. O-O d6 8. Re1 Be7 9. Bf1 O-O 10. d3 Nd7 11. Nbd2 Bf6 12. Bxf6 Nxf6 {1-0 (29) Kasimdzhanov,R (2683)-Ganguly,S (2650) Riadh 2017}) 6. Qe2 {LiveBook: 3 Games. B40: Sicilian: 2...e6, Unusual lines} Be7 7. c4 d6 8. Bc2 $146 {Black has an edge.} ({Predecessor:} 8. Nc3 Nc6 9. O-O-O e5 10. Nd5 a6 11. Ne3 Nb4 12. Bb1 Bxe4 13. Bxe4 Nxe4 {0-1 (59) Voll,O (1988)-Tryggestad,A (2316) Kragero 2017}) 8... e5 9. Nh4 (9. O-O $11) 9... Nc6 $15 10. Nf5 g6 11. Nxe7 Qxe7 12. d3 Nh5 13. g3 Ng7 14. Nd2 (14. Bd1 $15) 14... Ne6 $17 15. Nf3 f5 16. O-O-O fxe4 17. dxe4 O-O-O 18. Rdf1 Rhf8 19. Qe3 Rf7 20. Bd1 Rdf8 21. Nd2 Kb8 22. h4 h5 23. Rhg1 a5 24. Bc3 Ncd4 25. Kb2 Bc6 26. f3 (26. a4 $15) 26... Kb7 (26... b5 $17 27. cxb5 Bxb5) 27. Rf2 $15 {[#]} a4 $1 {[%mdl 512]} 28. Rgf1 (28. bxa4 Kb8) 28... axb3 29. axb3 b5 {[%cal Bb6b5,Bb5b4][%mdl 32]} 30. Kc1 (30. cxb5 $142 Bxb5 31. Re1) 30... b4 $17 31. Bb2 Qd8 ({Better is} 31... g5 $17 32. hxg5 Qxg5 33. Bxd4 cxd4 34. Qxg5 Nxg5) 32. Kb1 (32. f4 $15) 32... Qe7 33. Kc1 $1 Qd8 34. Kb1 $1 Qe7 (34... g5 $17 35. hxg5 Qxg5 36. Bxd4 cxd4 37. Qxg5 Nxg5) 35. f4 (35. Kc1 $1 $11) 35... Nd8 (35... exf4 $17 36. gxf4 Qxh4) 36. Qe1 Rh7 (36... Kb6 $17) 37. Kc1 Rff7 38. Bxd4 exd4 ({But not} 38... cxd4 $6 39. Nf3 $16) 39. Nf3 {With the idea Ng5.} Rh8 ({Of course not} 39... Qxe4 40. Qxe4 Bxe4 41. Ng5 $16) 40. Ng5 Rff8 41. e5 Kb6 42. Bc2 Rhg8 43. Re2 {[#]} Qa7 (43... d5 $1 $17 {Hoping for ...dxc4.} 44. Bd3 Ne6) 44. Kd2 $1 $11 d5 {White must now prevent ...dxc4.} 45. cxd5 Bxd5 46. e6 (46. Qb1 $11) 46... Nc6 $1 $15 47. Re5 $2 {[#]} (47. Qb1 $1 $15) 47... Nxe5 $2 ({Black should play} 47... Rf5 $1 $19 48. Rxf5 (48. Bxf5 $2 gxf5 49. Qa1 Qxa1 $19) 48... gxf5) 48. Qxe5 $11 {And now e7 would win.} Bc6 {Strongly threatening ...Rd8.} 49. e7 $36 {[%mdl 2048] White is pushing.} Re8 (49... Rc8 $14) 50. Re1 $16 Qa2 $2 {[%mdl 8192]} (50... Qd7 $16) 51. Ne6 $18 {White wants to mate with Qc7+.} Qa7 52. Ra1 $4 {[%mdl 8192]} (52. Qxc5+ $18 {is the narrow road to win.} Kb7 53. Qd6) 52... Qxa1 $4 {[%mdl 8192]} (52... Qxe7 $19 53. Re1 Ra8) 53. Qc7+ {White mates.} Ka6 54. Bd3+ Bb5 55. Nxc5# {Precision: White = 43%, Black = 30%.} 1-0

[Event "Budapest Spring Festival 2018"]
[Site "Budapest"]
[Date "2018.04.19"]
[Round "2"]
[White "Kozak, Adam"]
[Black "Widla, Piotr"]
[Result "1-0"]
[WhiteElo "2440"]
[BlackElo "2065"]
[Annotator "TA"]
[PlyCount "73"]
[EventDate "2018.??.??"]
[EventType "swiss"]
[EventCountry "HUN"]
[SourceTitle "playchess.com"]
[Source "ChessBase"]
[SourceQuality "1"]

{[%evp 22,73,-8,-9,0,0,41,11,10,6,6,11,48,48,57,41,96,95,148,97,99,108,120,125,119,88,167,160,159,132,186,185,207,195,193,190,314,319,305,299,348,277,269,265,272,265,596,601,734,590,925,910,895,863]} 1. Nf3 c5 2. c4 g6 3. g3 Bg7 4. Bg2 Nc6 5. Nc3 d6 6. O-O e5 7. a3 Be6 {A37: Symmetrical English vs ...g6: 4 Bg2 Bg7 5 Nf3} 8. d3 Nge7 9. Rb1 a5 10. Bd2 O-O 11. Qa4 (11. Ng5 Bc8 12. Nb5 f5 13. Nf3 h6 14. b4 axb4 15. axb4 b6 16. Ne1 Be6 17. Nc2 Rb8 18. Nc3 {1-0 (51) Giri,A (2762)-Lupulescu,C (2620) Heraklio 2017}) 11... h6 12. Rfc1 {LiveBook: 3 Games} Kh7 $146 ({Find the theoretical novelty and annotate with similar games:} 12... Nd4 13. Qd1 a4 14. Nxd4 exd4 15. Nxa4 Bd7 16. b3 Ra7 17. Ra1 g5 18. Nb2 f5 {½-½ (30) Gonda,L (2500)-Perunovic,M (2612) Austria 2018}) 13. Qd1 Rb8 14. b3 f5 15. Ne1 f4 16. Nc2 Qd7 17. b4 axb4 18. axb4 fxg3 (18... b6 $14) 19. hxg3 $16 Bh3 (19... b6 $142) 20. Qf1 ({Better is} 20. Bxh3 Qxh3 21. Qf1) 20... Bxg2 21. Qxg2 cxb4 22. Nxb4 Nd4 23. Nc2 Nec6 (23... b6 $16) 24. Nxd4 $18 Nxd4 25. Be3 Qg4 {[#]} (25... b6 $16 26. Bxd4 exd4) 26. Rb2 $1 ({Don't do} 26. Rxb7 $6 Rxb7 27. Qxb7 Nxe2+ 28. Nxe2 Qxe2 $14) 26... Rf7 27. Bxd4 Qxd4 28. Rb3 Rbf8 (28... b5 $142 29. Rxb5 (29. Nxb5 Qg4 $16) 29... Rxb5 30. Nxb5 Qb2) 29. Ne4 Qa7 30. Rcb1 Kg8 {[#]} 31. Rxb7 $1 {[%mdl 512]} Rxb7 (31... Qxb7 32. Rxb7) 32. Rxb7 Qa1+ 33. Qf1 Qa8 $2 (33... Qxf1+ 34. Kxf1 Rd8) 34. Qb1 {White is clearly winning.} Qc8 35. Qb5 Rd8 36. Qd5+ Kh8 37. Qf7 {Precision: White = 67%, Black = 16%.} 1-0

[Event "Budapest Spring Festival 2018"]
[Site "Budapest"]
[Date "2018.04.19"]
[Round "2"]
[White "Barski, Radoslaw"]
[Black "Gledura, Benjamin"]
[Result "1/2-1/2"]
[WhiteElo "2432"]
[BlackElo "2616"]
[Annotator "TA"]
[PlyCount "81"]
[EventDate "2018.??.??"]
[EventType "swiss"]
[EventCountry "HUN"]
[SourceTitle "playchess.com"]
[Source "ChessBase"]
[SourceQuality "1"]

{[%evp 19,81,18,27,15,22,17,21,17,20,28,12,13,44,0,0,0,0,0,0,0,0,-7,0,0,0,-45,0,0,0,0,-10,0,0,0,0,0,15,8,6,0,21,7,4,30,24,0,0,0,0,0,0,0,0,0,0,0,0,0,0,0,0,0,0,0]} 1. e4 c5 2. Nf3 e6 3. d4 cxd4 4. Nxd4 Nc6 5. Nc3 Qc7 6. Be3 a6 7. a3 b5 8. Nxc6 Qxc6 {B48: Sicilian: Taimanov: 5 Nc3 Qc7 6 Be3 a6 without Be2} (8... dxc6 9. Qg4 Nf6 10. Qg3 Qxg3 11. hxg3 e5 12. f3 Be6 13. a4 Rc8 14. axb5 axb5 15. g4 Nd7 16. g5 {1-0 (49) Grischuk,A (2772)-Harikrishna,P (2744) Huaian 2017}) 9. Qd4 Bb7 10. Be2 Rc8 {LiveBook: 6 Games} 11. f4 Nf6 {[%cal Rf6e4]} 12. Bf3 Bc5 13. Qxc5 Qxc5 14. Bxc5 Rxc5 15. O-O-O e5 16. fxe5 $146 ({Predecessor:} 16. Rhe1) 16... Rxe5 17. Rd4 Ke7 18. a4 Bc6 19. axb5 axb5 20. h4 Rb8 21. b4 h6 22. h5 Ne8 23. Rhd1 Nc7 24. Nd5+ Bxd5 25. exd5 Kd6 26. Kb2 Ne8 27. Re4 Rf5 28. Ra1 {[#] Strongly threatening Ra6+.} Nc7 29. Kb3 (29. Ra7 {keeps more tension.} g5 30. hxg6 fxg6 31. Rg4 g5 32. Rd4) 29... Re5 30. Rxe5 Kxe5 $11 {[%mdl 4096] Endgame KRB-KRN} 31. Ra7 Kd6 32. c4 bxc4+ {The position is equal.} 33. Kxc4 g5 34. hxg6 fxg6 35. Ra1 Rf8 36. Rd1 g5 37. Rh1 Rf6 38. b5 Rf4+ 39. Kd3 Nxb5 40. Rxh6+ Ke5 41. Rg6 {Precision: White = 67%, Black = 62%.} 1/2-1/2

[Event "Budapest Spring Festival 2018"]
[Site "Budapest"]
[Date "2018.04.19"]
[Round "2"]
[White "Tomazini, Zan"]
[Black "Sedlak, Nikola"]
[Result "0-1"]
[WhiteElo "2424"]
[BlackElo "2604"]
[Annotator "TA"]
[PlyCount "54"]
[EventDate "2018.??.??"]
[EventType "swiss"]
[EventCountry "HUN"]
[SourceTitle "playchess.com"]
[Source "ChessBase"]
[SourceQuality "1"]

{[%evp 16,54,4,-8,-5,-5,12,0,22,-5,-18,-9,-10,-51,-50,-142,-136,-291,-298,-291,-255,-639,-629,-637,-628,-631,-630,-674,-667,-891,-870,-828,-862,-1038,-1031,-29987,-29988,-29989,-29990,-29995,-29996]} 1. e4 c6 2. d4 d5 3. exd5 cxd5 4. c4 Nf6 5. Nc3 Nc6 6. Bg5 Be6 7. Be2 Qa5 {B13: Caro-Kann: Exchange Variation and Panov-Botvinnik Attack} 8. c5 (8. Bf3 dxc4 9. d5 O-O-O 10. Bd2 Nxd5 11. Nxd5 Rxd5 12. Bxd5 Qxd5 13. Nf3 Bf5 14. O-O e6 15. b3 Bd3 16. bxc4 Qf5 17. Re1 Bc5 18. Be3 Bb4 19. Bd2 Bc5 20. Be3 Bb4 21. Bd2 Bc5 22. Be3 {½-½ (22) Safarli,E (2664)-Karjakin,S (2779) Shamkir 2016}) 8... Ne4 9. Nf3 {LiveBook: 7 Games} g6 {The position is equal.} 10. O-O Rd8 11. a3 $146 ({Predecessor:} 11. Qc1 Bg7 12. Bh6 Bxd4 13. Nb5 Bxc5 14. Ng5 Nxg5 15. Qxc5 {1-0 (28) Salem,A (2642)-Hauge,L (2436) chess.com INT 2018}) 11... Bg7 12. Be3 O-O 13. Rc1 a6 14. Na4 Qc7 15. Nb6 {[#]} (15. Nc3 $15) 15... f5 $1 $17 {[%cal Bf7f5,Bf5f4][%mdl 32]} 16. g3 $2 {[#]} (16. b4 $17) 16... f4 $1 $19 {[%cal Rf4e3][%mdl 512]} 17. gxf4 (17. Bxf4 Rxf4) 17... Rxf4 18. Ne5 $2 (18. Bxf4 Qxf4 19. Kg2 (19. Kh1 $2 Bh3 $19) 19... g5) (18. Qb3) 18... Rh4 19. f4 Nxe5 20. dxe5 {[#]} Bxe5 $1 {[%mdl 512]} 21. Qe1 {[#]} (21. fxe5 Qxe5) 21... Bxf4 $1 {[%mdl 512]} 22. Qxh4 Bxe3+ 23. Kh1 Bxc1 24. Rxc1 Rf8 25. b4 Rf4 {Black mates.} 26. Qh6 Qe5 27. Re1 Nf2+ {Precision: White = 11%, Black = 84%.} 0-1

[Event "Budapest Spring Festival 2018"]
[Site "Budapest"]
[Date "2018.04.19"]
[Round "2"]
[White "Rakotomaharo, Fy Antenaina"]
[Black "Vajda, Levente"]
[Result "1/2-1/2"]
[WhiteElo "2415"]
[BlackElo "2577"]
[Annotator "TA"]
[PlyCount "94"]
[EventDate "2018.??.??"]
[EventType "swiss"]
[EventCountry "HUN"]
[SourceTitle "playchess.com"]
[Source "ChessBase"]
[SourceQuality "1"]

{[%evp 30,94,0,0,0,0,0,0,40,0,0,-7,70,64,64,68,68,68,68,68,68,64,64,61,70,80,69,65,94,0,0,0,0,0,0,0,0,-219,-219,-203,0,0,0,0,0,0,0,0,0,0,0,0,0,-3,-3,-18,0,0,0,-6,0,0,-3,0,0,0,0]} 1. e4 e5 2. Nf3 Nc6 3. Bb5 a6 4. Ba4 Nf6 5. O-O Be7 6. Re1 b5 7. Bb3 d6 8. c3 O-O 9. h3 Nb8 10. d4 Nbd7 11. c4 c6 12. Nc3 b4 {C95: Closed Ruy Lopez: Breyer Variation with 10 d4} 13. Ne2 Nxe4 14. Qc2 f5 15. c5+ d5 16. Be3 {[#] LiveBook: 3 Games} Bf6 $146 ({Predecessor:} 16... Kh8 17. Nxe5 Nxe5 18. dxe5 Bh4 19. Rf1 a5 20. f3 {½-½ (33) Wei,Y (2706)-Mamedyarov,S (2747) Wijk aan Zee 2016}) 17. dxe5 Nxe5 18. Nfd4 a5 19. Nf4 (19. Rad1 $5 {[%cal Rd4c6]} Bd7 20. Nf4 $11) 19... a4 20. Bxa4 Rxa4 (20... g5 $1 $11 21. Nfe6 Bxe6 22. Nxe6 Qa5 23. Nxf8 Qxa4) 21. Qxa4 $14 Qe8 $1 22. f3 g5 $1 {[%cal Rg5f4]} 23. Nxd5 $1 cxd5 24. Qxe8 Rxe8 25. fxe4 dxe4 26. Nb5 {Black must now prevent Nd6.} Nd3 27. Nd6 Rf8 28. Re2 $1 Nxb2 29. Bxg5 (29. Rb1 $16 Nd3 30. c6) 29... Bxg5 $11 30. Rxb2 {Strongly threatening Rd1.} Be3+ 31. Kh1 {aiming for Rd1.} Bd4 32. Rab1 {And now Rc2 would win.} Ba6 {Threatens to win with ...e3.} 33. g4 $2 (33. Rc2 $11 e3 34. Re1 (34. Rxb4 e2 $17)) 33... Bxb2 $19 34. Rxb2 {[#]} fxg4 $2 (34... e3 $1 $19 {[%cal Re3e2]} 35. Nxf5 (35. gxf5 e2 $11) 35... Re8) 35. Nxe4 {[%mdl 4096] Endgame KRB-KRN. The position is equal.} Rf4 36. Nd6 $1 ({Wrong is} 36. Rxb4 $2 {[#]} Rxe4 $1 {[%mdl 512]} 37. Rxe4 Bb7 $19) 36... gxh3 37. Kh2 Kf8 38. Kxh3 h5 39. Rd2 Ke7 40. Kg3 Rg4+ 41. Kh2 Kd7 {White should prevent ...Kc6.} 42. Ne4+ Kc7 43. Nf6 Rc4 44. Rd6 Bb7 45. Ne8+ Kc8 46. Rb6 Rxc5 {Hoping for ...Bc6.} 47. Nd6+ Kc7 {Precision: White = 71%, Black = 81%.} 1/2-1/2

[Event "Budapest Spring Festival 2018"]
[Site "Budapest"]
[Date "2018.04.19"]
[Round "2"]
[White "Bakalchuk, Johnatan"]
[Black "Savchenko, Boris"]
[Result "1/2-1/2"]
[WhiteElo "2410"]
[BlackElo "2563"]
[Annotator "TA"]
[PlyCount "78"]
[EventDate "2018.??.??"]
[EventType "swiss"]
[EventCountry "HUN"]
[SourceTitle "playchess.com"]
[Source "ChessBase"]
[SourceQuality "1"]

{[%evp 25,78,18,18,18,18,18,28,14,23,16,18,22,54,48,46,52,63,62,57,51,45,28,39,39,55,46,47,43,56,68,71,41,52,10,10,10,9,0,0,0,0,0,0,0,0,0,0,0,0,0,0,0,0,0,-4]} 1. c4 c5 2. Nf3 Nc6 3. g3 g6 4. Bg2 Bg7 5. Nc3 e6 6. d4 cxd4 7. Nb5 d5 8. cxd5 Qa5+ 9. Nd2 Qxb5 {A37: Symmetrical English vs ...g6: 4 Bg2 Bg7 5 Nf3} 10. dxc6 Ne7 11. a4 Qb6 (11... Qb4 12. b3 Nxc6 13. Ba3 Qa5 14. O-O Bf8 15. Nc4 Qd8 16. b4 Nxb4 17. a5 {½-½ (40) Fressinet,L (2709)-Fedoseev,V (2641) Yerevan 2014}) 12. Nc4 Qb4+ 13. Bd2 Qxc4 {LiveBook: 23 Games} 14. cxb7 Bxb7 15. Bxb7 {[%cal Bg2b7,Bb7a6,Ba6c4,Bc4d5][%mdl 32]} Rb8 16. Rc1 Qa2 17. Ba6 {[#]} O-O $146 18. b4 $1 {[#] Black must now prevent Bc4.} Qd5 {[%cal Rd5h1]} 19. O-O Qd7 20. Bc4 Nd5 21. Bxd5 $1 Qxd5 22. Qc2 e5 23. Qc4 Qd7 24. Qc6 Qg4 25. f3 Qh3 26. b5 Bh6 27. Bxh6 Qxh6 28. Qe4 {Threatens to win with Rc7.} Qd2 29. Rc7 Qa5 {The position is equal.} 30. Rc4 ({Don't play} 30. Qxe5 Rbe8 $15) 30... a6 31. Qxe5 axb5 32. axb5 Rfe8 33. Qxd4 Rxe2 34. Rfc1 $36 {[%mdl 2048] White has the initiative.} Rbe8 {[#] Strongly threatening ...Qa2.} 35. R4c2 Qxb5 {( -> ...Re1+)} 36. Rxe2 Qxe2 37. Qf2 Qd3 38. Rc2 Re3 39. Rd2 Qc3 {Precision: White = 94%, Black = 82%.} 1/2-1/2

[Event "Budapest Spring Festival 2018"]
[Site "Budapest"]
[Date "2018.04.19"]
[Round "2"]
[White "Almasi, Istvan"]
[Black "Boruchovsky, Avital"]
[Result "0-1"]
[WhiteElo "2406"]
[BlackElo "2559"]
[Annotator "TA"]
[PlyCount "84"]
[EventDate "2018.??.??"]
[EventType "swiss"]
[EventCountry "HUN"]
[SourceTitle "playchess.com"]
[Source "ChessBase"]
[SourceQuality "1"]

{[%evp 19,84,0,6,0,0,0,0,5,5,5,8,0,2,0,7,2,0,-66,-61,-62,-44,-48,-45,-43,-39,-40,-45,-58,-28,-141,-141,-135,-128,-134,-136,-122,-129,-179,-111,-176,-164,-164,-156,-162,-156,-158,-154,-154,-141,-137,-101,-111,-83,-245,-265,-262,-262,-368,-241,-354,-354,-354,-348,-338,-347,-350,-337]} 1. Nf3 e6 2. g3 d5 3. Bg2 Nf6 4. O-O Be7 5. c4 O-O 6. b3 d4 7. e3 Nc6 {A14: English Opening: 1...e6 with b3 by White} (7... c5 8. exd4 cxd4 9. d3 Nc6 10. Re1 Nd7 11. Ba3 e5 12. Bxe7 Qxe7 13. Nbd2 Nc5 14. Qe2 f6 15. Ne4 Ne6 16. a3 a5 17. Qc2 f5 18. Ned2 Nc5 {1-0 (34) Miroshnichenko,E (2606)-Lenderman,A (2611) chess.com INT 2018}) 8. exd4 Nxd4 9. Bb2 Bc5 10. Nc3 Nxf3+ {LiveBook: 3 Games} 11. Bxf3 Bd4 12. Qc2 c6 $146 ({Predecessor:} 12... e5 13. Nd5 Nxd5 14. cxd5 Bxb2 15. Qxb2 {0-1 (54) Callenberg,R (2108)-Aepfler,C (2317) Bad Wiessee 2008}) 13. Ne2 Bxb2 14. Qxb2 Qd3 15. Kg2 Re8 16. Qc3 $1 {[%cal Rc3d3]} Qxc3 17. Nxc3 e5 18. Rfe1 ({White should try} 18. Rad1 $11) 18... Bf5 $15 19. Ne4 {With the idea Nd6.} Bxe4 20. Bxe4 Rad8 $36 {[%mdl 2048] Black is pushing.} 21. Rad1 Rd4 22. Bc2 g6 23. Re2 Red8 24. Rxe5 (24. d3 $11 {keeps the balance.}) 24... Rxd2 $17 25. Ree1 {[#]} R8d7 $1 26. Rxd2 Rxd2 {[%mdl 4096] Endgame KRB-KRN} 27. Bd1 Rxa2 28. g4 h6 (28... Kf8 $19 29. Re2 Ra1) 29. h4 (29. Re7 $17 {was worth a try.}) 29... Rd2 30. g5 hxg5 31. hxg5 Nh7 32. Bg4 Nxg5 33. Re8+ Kg7 {White must now prevent ...f5.} 34. Re7 Rd4 35. Bc8 b5 36. Ba6 $2 (36. cxb5 $17 cxb5 37. Rxa7) 36... Rg4+ $19 37. Kf1 Nf3 38. Rc7 (38. Rxa7 $142 b4 39. Rd7) 38... Nd2+ 39. Ke1 (39. Ke2 $142 Nxb3 40. cxb5) 39... Nxb3 40. cxb5 cxb5 41. Bxb5 {[#]} Rg1+ $1 42. Bf1 {[#]} Nd2 $1 {[%mdl 512] Precision: White = 43%, Black = 84%.} 0-1